Loading...
| Literature - World | 0 | 7 | 2 | 1 | 60 | 35 | 58.86 | 3 | 4 | 0.00 | 0.00 |
| Literature - British | 0 | 6 | 1 | 0 | 55 | 47 | 74.33 | 1 | 4 | 0.00 | 0.00 |
| Literature - American | 0 | 5 | 0 | 0 | 50 | 62 | 78.20 | 0 | 2 | 0.00 | 0.00 |
| Literature - European | 0 | 5 | 1 | 2 | 45 | 40 | 82.00 | 0 | 3 | 0.00 | 0.00 |
| Fine Arts - Classical Music | 0 | 4 | 0 | 2 | 40 | 90 | 107.75 | 0 | 1 | 0.00 | 0.00 |
| Fine Arts - Other | 0 | 3 | 0 | 1 | 30 | 63 | 88.00 | 0 | 1 | 0.00 | 0.00 |
| History - American | 0 | 2 | 0 | 0 | 20 | 12 | 27.00 | 2 | 2 | 0.00 | 0.00 |
| Social Science | 0 | 2 | 0 | 1 | 20 | 84 | 94.50 | 0 | 0 | 0.00 | 0.00 |
| Painting/Sculpture | 0 | 2 | 0 | 0 | 20 | 72 | 83.50 | 0 | 0 | 0.00 | 0.00 |
| Pop Culture | 0 | 2 | 0 | 0 | 20 | 15 | 28.00 | 0 | 1 | 0.00 | 0.00 |
| Mythology | 0 | 2 | 0 | 0 | 20 | 57 | 85.00 | 0 | 0 | 0.00 | 0.00 |
| Geography | 0 | 1 | 0 | 1 | 10 | 119 | 119.00 | 0 | 1 | 0.00 | 0.00 |
| History - Other | 0 | 1 | 0 | 1 | 10 | 114 | 114.00 | 0 | 0 | 0.00 | 0.00 |